000
00284nam a22001217a 4500
008
171127b xxu||||| |||| 00| 0 eng d
041
_a
eng
080
_2
2 ED
_a
51
100
_a
32
101
_a
MAT
245
_a
MATHEMATICS IN CLINICAL DIETETICS
_c
HELEN.N.S
942
_2
udc
_c
BK
999
_c
38527
_d
38527